000 00718cam a22002654a 4500
001 13844579
003 OSt
005 20180503143232.0
008 050118s2005 paua 001 0 eng
010 _a 2005271002
020 _a0323036635
040 _aDLC
_cDLC
_dDLC
042 _apcc
050 0 0 _aQM551
_b.S74 2005
082 0 0 _aQS 504 S31s 2005
_23rd
_bALA
100 1 _aStevens, Alan; Lowe, James Steven
_9193
245 1 0 _aHuman Histology
250 _a3rd ed.
260 _aPhiladelphia ;
_bElsevier/Mosby,
_c2005.
300 _a428 p. :
_bill. (some col.) ;
_c28 cm.
504 _aIncludes index
650 0 _aHistology.
_9194
906 _a7
_bcbc
_corigcop
_d3
_encip
_f20
_gy-gencatlg
942 _2z
_cO_SHELF
999 _c65
_d65